<?xml version="1.0" encoding="UTF-8"?>
<record
    xmlns:xsi="http://www.w3.org/2001/XMLSchema-instance"
    xsi:schemaLocation="http://www.loc.gov/MARC21/slim http://www.loc.gov/standards/marcxml/schema/MARC21slim.xsd"
    xmlns="http://www.loc.gov/MARC21/slim">

  <leader>01212nam a22002655i 4500</leader>
  <controlfield tag="001">10864</controlfield>
  <controlfield tag="003">ES-MaACL</controlfield>
  <controlfield tag="005">20250901043621.0</controlfield>
  <controlfield tag="007">t|</controlfield>
  <controlfield tag="008">940214s1993    sp           ||||0| spa j</controlfield>
  <datafield tag="020" ind1=" " ind2=" ">
    <subfield code="a">84-451-0732-1</subfield>
  </datafield>
  <datafield tag="040" ind1=" " ind2=" ">
    <subfield code="a">M-BN </subfield>
    <subfield code="b">spa </subfield>
    <subfield code="c">M-BN</subfield>
  </datafield>
  <datafield tag="080" ind1=" " ind2=" ">
    <subfield code="a">342.7-055.2(4-672 CE)</subfield>
  </datafield>
  <datafield tag="100" ind1="1" ind2=" ">
    <subfield code="a">Gonz&#xE1;lez del T&#xE1;nago, Lourdes.</subfield>
    <subfield code="9">58586</subfield>
  </datafield>
  <datafield tag="245" ind1="1" ind2="0">
    <subfield code="a">Igualdad de trato entre mujeres y hombres en la jurisprudencia europea / </subfield>
    <subfield code="c">[coordinaci&#xF3;n, M&#xAA; Luisa Alvarez Durante y Jaime Hevia Ruiz ; autores, Lourdes Gonz&#xE1;lez del T&#xE1;nago, Jos&#xE9; Luis Bautista Cordero, Carlos Sen&#xE9;n].</subfield>
  </datafield>
  <datafield tag="260" ind1=" " ind2=" ">
    <subfield code="a">Madrid : </subfield>
    <subfield code="b">Direcci&#xF3;n General de la Mujer, Direcci&#xF3;n General de Cooperaci&#xF3;n con el Estado y Asuntos Europeos, </subfield>
    <subfield code="c">D.L. 1993.</subfield>
  </datafield>
  <datafield tag="300" ind1=" " ind2=" ">
    <subfield code="a">719 p ; </subfield>
    <subfield code="c">24 cm.</subfield>
  </datafield>
  <datafield tag="650" ind1="1" ind2="4">
    <subfield code="a">Mujeres-</subfield>
    <subfield code="x">Derechos-</subfield>
    <subfield code="z">Pa&#xED;ses de la Uni&#xF3;n Europea</subfield>
    <subfield code="9">15267</subfield>
  </datafield>
  <datafield tag="700" ind1="1" ind2=" ">
    <subfield code="a">Bautista Cordero, Jos&#xE9; Luis.</subfield>
    <subfield code="9">26622</subfield>
  </datafield>
  <datafield tag="700" ind1="1" ind2=" ">
    <subfield code="a">Sen&#xE9;n, Carlos.</subfield>
    <subfield code="9">105453</subfield>
  </datafield>
  <datafield tag="710" ind1="1" ind2=" ">
    <subfield code="a">Madrid (Comunidad Aut&#xF3;noma). </subfield>
    <subfield code="b">Direcci&#xF3;n General de la Mujer.</subfield>
    <subfield code="9">5615</subfield>
  </datafield>
  <datafield tag="710" ind1="1" ind2=" ">
    <subfield code="a">Madrid (Comunidad Aut&#xF3;noma). </subfield>
    <subfield code="b">Direcci&#xF3;n General de Cooperaci&#xF3;n con el Estado y Asuntos Europeos.</subfield>
    <subfield code="9">5610</subfield>
  </datafield>
  <datafield tag="852" ind1=" " ind2=" ">
    <subfield code="a">ES-MaACL</subfield>
    <subfield code="j">L-18186 </subfield>
    <subfield code="b">R.123093</subfield>
  </datafield>
  <datafield tag="999" ind1=" " ind2=" ">
    <subfield code="c">10864</subfield>
    <subfield code="d">10864</subfield>
  </datafield>
  <datafield tag="952" ind1=" " ind2=" ">
    <subfield code="0">0</subfield>
    <subfield code="1">0</subfield>
    <subfield code="4">0</subfield>
    <subfield code="7">0</subfield>
    <subfield code="a">ATENEOM</subfield>
    <subfield code="b">ATENEOM</subfield>
    <subfield code="c">DEPO2</subfield>
    <subfield code="d">2008-01-17</subfield>
    <subfield code="e">SC</subfield>
    <subfield code="l">0</subfield>
    <subfield code="o">L-18186</subfield>
    <subfield code="p">1011082</subfield>
    <subfield code="r">2023-02-23 00:00:00</subfield>
    <subfield code="w">2023-02-23</subfield>
    <subfield code="y">MONOGRAFIA</subfield>
  </datafield>
</record>
